Normal view
MARC view
Entry Personal Name
001 - CONTROL NUMBER
- control field: 77136
003 - CONTROL NUMBER IDENTIFIER
- control field: dpl
005 - DATE AND TIME OF LATEST TRANSACTION
- control field: 20250127145023.0
008 - FIXED-LENGTH DATA ELEMENTS
- fixed length control field: 250127|| aca||aabn | a|a d
040 ## - CATALOGING SOURCE
- Original cataloging agency: dpl
- Transcribing agency: dpl
100 ## - HEADING--PERSONAL NAME
- Personal name: Gautam, Harshit
670 ## - SOURCE DATA FOUND
- Source citation: Work cat.: (dpl)208803: Gautam, Harshit, Everything I could see /, 2020
